| 000 -LEADER |
| fixed length control field |
00341nam a22001457a 4500 |
| 008 - FIXED-LENGTH DATA ELEMENTS--GENERAL INFORMATION |
| fixed length control field |
240205b ||||| |||| 00| 0 eng d |
| 020 ## - INTERNATIONAL STANDARD BOOK NUMBER |
| International Standard Book Number |
6726890 |
| 041 ## - LANGUAGE CODE |
| Language code of text/sound track or separate title |
eng |
| 080 ## - UNIVERSAL DECIMAL CLASSIFICATION NUMBER |
| Edition identifier |
FOURTH EDITION 1968 |
| Universal Decimal Classification number |
575 |
| 082 ## - DEWEY DECIMAL CLASSIFICATION NUMBER |
| Classification number |
575WHI |
| 100 ## - Rafti |
| Rafti |
13 |
| 101 ## - Shkurtesa |
| Shkurtesa |
BIOKIMI |
| 245 ## - TITLE STATEMENT |
| Title |
PRINCIPLES OF BIOCHEMISTRY |
| Statement of responsibility, etc |
ABRAHAM WHITE |
| 942 ## - ADDED ENTRY ELEMENTS (KOHA) |
| Source of classification or shelving scheme |
|
| Item type |
Books |